| 000 | 00504cam a2200193ua 4500 | ||
|---|---|---|---|
| 001 | 6318 | ||
| 008 | 131128n ii |||gr||||Z||||||eng | ||
| 020 | _a978-81-8318-755-8 | ||
| 040 | _cMAIN | ||
| 082 | _a519.5 | ||
| 245 | 1 | 1 |
_aFundamentas of statistics _cBy S.C. Gupta |
| 250 | _a6th rev. & enlarged ed. | ||
| 260 |
_aMumbai: _bHimalaya publishing house, _c2008. |
||
| 300 | _ax,25.43p. | ||
| 653 | _aCommerce | ||
| 653 | _aFundamentals of statistics | ||
| 700 | 1 |
_aGupta,S.C., _eAuthor. |
|
| 942 | _cBK | ||
| 999 |
_c5470 _d5470 |
||